[Event "13. Lichtenberger Sommer"]
[Site "?"]
[Date "2014.08.22"]
[Round "7.73"]
[White "Müller, Johannes"]
[Black "Bullig, Reinhard"]
[Result "0-1"]
[WhiteElo "1845"]
[BlackElo "1772"]
[PlyCount "56"]
[EventDate "2014.??.??"]
[WhiteTeam "SC Eintracht Berlin e.V."]
[BlackTeam "Sfrd. Berlin 1903 e.V."]

1. e4 e6 2. d4 d5 3. e5 c5 4. c3 Nc6 5. a3 Nge7 6. f4 cxd4 7. cxd4 Nf5 8. Nf3
Qb6 9. Nc3 Nfxd4 10. Nxd4 Qxd4 11. Qf3 Qb6 12. b4 Bd7 13. Be3 Qd8 14. Rd1 Rc8
15. Nb5 a6 16. Nd6+ Bxd6 17. exd6 Qf6 18. Bc5 O-O 19. g4 Ne5 20. Qg3 Ng6 21. f5
exf5 22. Rxd5 Rfe8+ 23. Be2 f4 24. Bd4 Qe6 25. Qg2 Rc2 26. Be5 Nxe5 27. Qe4
Rc1+ 28. Bd1 Nf3+ 0-1

[Event "13. Lichtenberger Sommer"]
[Site "?"]
[Date "2014.08.22"]
[Round "7.74"]
[White "Weiß, Daniel"]
[Black "Roth, Joachim"]
[Result "0-1"]
[WhiteElo "1741"]
[BlackElo "1930"]
[PlyCount "52"]
[EventDate "2014.??.??"]
[WhiteTeam "Sfr.Nord-Ost Berlin"]
[BlackTeam "SG Bund"]

1. Nf3 d5 2. d4 Nf6 3. Bf4 e6 4. e3 c5 5. c3 Nc6 6. Be2 Bd6 7. Bg3 Ne4 8. Bxd6
Qxd6 9. Nbd2 f5 10. O-O O-O 11. dxc5 Nxc5 12. Nb3 Ne4 13. Nfd2 e5 14. f3 Nc5
15. Nc4 Qg6 16. Qxd5+ Ne6 17. Nxe5 Nxe5 18. Qxe5 f4 19. e4 Ng5 20. Bc4+ Kh8 21.
h4 Nh3+ 22. Kh1 Qg3 23. Qe7 Bg4 24. fxg4 f3 25. Rxf3 Rxf3 26. gxf3 Nf2# 0-1

[Event "13. Lichtenberger Sommer"]
[Site "?"]
[Date "2014.08.22"]
[Round "7.75"]
[White "Huebner, Alan-Ari"]
[Black "Born, Jonathan"]
[Result "1-0"]
[WhiteElo "1785"]
[BlackElo "1706"]
[PlyCount "39"]
[EventDate "2014.??.??"]
[WhiteTeam "vereinslos"]
[BlackTeam "SV Königsjäger Süd-West e.V."]

1. d4 d5 2. c4 c6 3. Nc3 dxc4 4. e4 b5 5. a4 b4 6. Na2 a5 7. Bxc4 Bb7 8. Nf3 e6
9. Be3 Nf6 10. Qc2 Nbd7 11. Rd1 Be7 12. Nc1 O-O 13. Nd3 Qc8 14. Nf4 Rd8 15. Ng5
h6 16. Nxf7 Kxf7 17. Bxe6+ Ke8 18. e5 Nd5 19. Qg6+ Kf8 20. Qf7# 1-0

[Event "13. Lichtenberger Sommer"]
[Site "?"]
[Date "2014.08.22"]
[Round "7.76"]
[White "Schindler, Rudolf"]
[Black "Casny, Guenter"]
[Result "1-0"]
[WhiteElo "1846"]
[BlackElo "1854"]
[PlyCount "157"]
[EventDate "2014.??.??"]
[WhiteTeam "SG Lasker Steglitz-Wilmersdorf"]
[BlackTeam "SC Rochade e.V."]

1. g3 d5 2. c4 e6 3. b3 Nf6 4. Nf3 Nbd7 5. Bb2 c6 6. Bg2 a5 7. cxd5 cxd5 8. O-O
Be7 9. a3 O-O 10. d3 b5 11. Nd4 Qb6 12. e3 Ba6 13. Re1 Rfc8 14. Nc3 Rc7 15. a4
Bb4 16. Ndxb5 Bxb5 17. Nxb5 Bxe1 18. Nxc7 Bxf2+ 19. Kxf2 Qxc7 20. Rc1 Qb7 21.
Bf3 h6 22. Qc2 Rb8 23. Bd1 e5 24. Qc6 e4 25. Qxb7 Rxb7 26. Rc8+ Kh7 27. d4 h5
28. h3 Nb6 29. Rc2 Nbd7 30. Rc3 g5 31. Ba3 g4 32. h4 Kg7 33. Bd6 Ra7 34. Be2
Ne8 35. Bf4 Nef6 36. Bb5 Nf8 37. Bc7 Ne6 38. Be5 Kg6 39. Rc6 Nd7 40. Bd6 Kg7
41. Kg2 Rb7 42. Rc3 Nf6 43. Be5 Kg6 44. Bc6 Rb6 45. Bxf6 Kxf6 46. Bxd5 Rb4 47.
Bc4 Ke7 48. Rc2 f5 49. Rf2 Kf6 50. Kf1 Nc7 51. Rc2 Ne8 52. Rc3 Nd6 53. Bd5 Rb6
54. Ke2 f4 55. gxf4 Nf5 56. Bxe4 Nxh4 57. Kf2 Nf5 58. Bxf5 Kxf5 59. Kg3 h4+ 60.
Kxh4 Rh6+ 61. Kg3 Rh3+ 62. Kg2 Ke4 63. f5 Rf3 64. Rc5 Kxe3 65. Rc3+ Kxd4 66.
Rxf3 gxf3+ 67. Kxf3 Ke5 68. Ke3 Kxf5 69. Kd4 Ke6 70. Kc4 Kd6 71. Kb5 Kc7 72.
Kxa5 Kb7 73. Kb5 Ka7 74. Kc6 Kb8 75. Kb6 Ka8 76. Kc7 Ka7 77. b4 Ka8 78. b5 Ka7
79. b6+ 1-0

[Event "13. Lichtenberger Sommer"]
[Site "?"]
[Date "2014.08.22"]
[Round "7.77"]
[White "Kornath, Heinrich"]
[Black "Engelhardt, Erhard"]
[Result "1/2-1/2"]
[WhiteElo "1848"]
[BlackElo "1799"]
[PlyCount "166"]
[EventDate "2014.??.??"]
[WhiteTeam "SG Eckturm"]
[BlackTeam "SSV Rotation Berlin e.V."]

1. e4 d5 2. exd5 Qxd5 3. Nc3 Qd6 4. Bc4 Nf6 5. d4 Bf5 6. Nf3 c6 7. O-O e6 8.
Re1 Be7 9. Bg5 Nbd7 10. Bb3 O-O 11. Nh4 Bg6 12. Nxg6 hxg6 13. Qd3 Rfe8 14. g3
Qc7 15. Rad1 Rad8 16. h4 Nc5 17. Qf3 Nxb3 18. axb3 Rd7 19. Re2 Qd8 20. Red2 Nd5
21. Bxe7 Qxe7 22. Ne4 Rc7 23. c4 Nf6 24. Ng5 Nh7 25. Nxh7 Kxh7 26. h5 gxh5 27.
Qxh5+ Kg8 28. Kg2 g6 29. Qh6 Qf8 30. Qf4 Rd7 31. Rh1 Qg7 32. Qe3 Red8 33. Rhd1
Qf6 34. b4 b6 35. Qe4 Rd6 36. b3 c5 37. bxc5 bxc5 38. d5 a5 39. Qe3 Rc8 40. f4
exd5 41. Rxd5 Rxd5 42. Rxd5 Qc6 43. Qf3 Kg7 44. Qc3+ Kh7 45. Qxa5 Rc7 46. Qd2
Qb7 47. Qd3 Kg7 48. Kf2 Qa7 49. Qc3+ Kh7 50. Rd1 Qa2+ 51. Rd2 Qa8 52. Rd5 Qa2+
53. Kf3 Rb7 54. Rd3 Qa8 55. Kf2 Qa2+ 56. Kg1 Qb1+ 57. Kf2 Qa2+ 58. Kf3 Qa8 59.
Rd5 Qb8 60. Rd3 Qa8 61. Kf2 Qa2+ 62. Kg1 Qb1+ 63. Kf2 Qa2+ 64. Rd2 Rxb3 65.
Rxa2 Rxc3 66. Ra4 Kg7 67. g4 Kf6 68. Ke2 g5 69. Ra6+ Kg7 70. fxg5 Rxc4 71. Rc6
Kf8 72. Kf3 Ke7 73. g6 fxg6 74. Rxg6 Rc1 75. Ke4 c4 76. Rc6 Rg1 77. Kf3 Rf1+
78. Ke2 Rf4 79. g5 Rg4 80. g6 Kd7 81. Ra6 Ke8 82. Kd2 Kf8 83. Kc3 Kg7 1/2-1/2

[Event "13. Lichtenberger Sommer"]
[Site "?"]
[Date "2014.08.22"]
[Round "7.78"]
[White "Bandsom, Olaf"]
[Black "Dietzel, Uwe"]
[Result "1-0"]
[WhiteElo "1812"]
[BlackElo "1705"]
[PlyCount "91"]
[EventDate "2014.??.??"]
[WhiteTeam "SC Friesen Lichtenberg e.V."]
[BlackTeam "TSV Lichtentanne SAbt"]

1. e4 e6 2. d4 d5 3. Nc3 h6 4. exd5 exd5 5. Bd3 Nf6 6. Nge2 Be7 7. O-O O-O 8.
Ng3 c6 9. h3 Bd6 10. Nf5 Bxf5 11. Bxf5 Nbd7 12. Be3 Re8 13. Re1 Nb6 14. Bd3 Qd7
15. Qf3 Qd8 16. Bd2 Rxe1+ 17. Rxe1 Nbd7 18. Ne2 Nf8 19. Ng3 Ne6 20. c3 Bf8 21.
Qf5 g6 22. Qf3 Ng5 23. Qd1 Ngh7 24. Qc1 h5 25. Qc2 Kg7 26. Bf4 Bd6 27. Be5 Qc7
28. Re3 Nf8 29. Qe2 N8d7 30. f4 h4 31. Nh1 Bxe5 32. fxe5 Nh5 33. Qg4 Qd8 34. e6
Ndf6 35. Qxh4 Qe7 36. Ng3 Rh8 37. Nxh5+ Rxh5 38. Qe1 Ne4 39. Bxe4 dxe4 40. Rxe4
fxe6 41. Rxe6 Qg5 42. Re5 Qf4 43. Re7+ Kh6 44. Qe3 Qxe3+ 45. Rxe3 Rb5 46. b3
1-0

[Event "13. Lichtenberger Sommer"]
[Site "?"]
[Date "2014.08.22"]
[Round "7.79"]
[White "Herrmann, Eberhard"]
[Black "Schweitzer, Paul"]
[Result "1-0"]
[WhiteElo "1852"]
[BlackElo "1712"]
[PlyCount "91"]
[EventDate "2014.??.??"]
[WhiteTeam "SC Friesen Lichtenberg e.V."]
[BlackTeam "SV Königsjäger Süd-West e.V."]

1. e4 b6 2. f4 e5 3. d3 exf4 4. Bxf4 Be7 5. Nf3 Nf6 6. Be2 d6 7. O-O Bg4 8. Nc3
Nc6 9. Be3 Bxf3 10. Bxf3 Ne5 11. Be2 c6 12. Qe1 d5 13. Qg3 d4 14. Qxe5 dxe3 15.
Rad1 Qb8 16. Qg5 h5 17. Qxe3 Ng4 18. Qh3 O-O 19. Bxg4 hxg4 20. Qxg4 Bd6 21. Qh5
Bf4 22. Rf3 Qd6 23. Rdf1 g6 24. Qh4 Qd4+ 25. Kh1 Bd2 26. Nd1 Qg7 27. c3 Rae8
28. Nf2 Re5 29. Ng4 Bg5 30. Qf2 Re7 31. Kg1 Rd7 32. d4 c5 33. d5 c4 34. Qg3 Be7
35. Qh3 Bc5+ 36. Kh1 f6 37. Rxf6 Rdf7 38. e5 Rxf6 39. Nxf6+ Rxf6 40. Rxf6 Bf8
41. Qe6+ Kh8 42. Rxg6 Qh7 43. Qf6+ Bg7 44. Qf7 b5 45. e6 b4 46. e7 1-0

[Event "13. Lichtenberger Sommer"]
[Site "?"]
[Date "2014.08.22"]
[Round "7.80"]
[White "Lieder, Günter"]
[Black "Dinslage, Klaus-Dieter"]
[Result "1/2-1/2"]
[WhiteElo "1864"]
[BlackElo "1721"]
[PlyCount "84"]
[EventDate "2014.??.??"]
[WhiteTeam "SK Turm Bad Hersfeld"]
[BlackTeam "Bahn-Schachclub Wuppertal"]

1. e4 e5 2. Nf3 Nc6 3. Bc4 Bc5 4. c3 d6 5. a4 a5 6. O-O h6 7. d4 exd4 8. Nxd4
Ne5 9. Ba2 Nf6 10. Qc2 Qe7 11. f3 Be6 12. Bxe6 Qxe6 13. Kh1 Qd7 14. Nd2 O-O 15.
N2b3 Bb6 16. Nf5 Kh8 17. Nbd4 Ng8 18. b3 Ng6 19. Be3 Rae8 20. Qd2 Kh7 21. Rad1
Re5 22. Bf2 Ree8 23. Bg3 N6e7 24. Ne3 Nc6 25. Nc4 Bxd4 26. cxd4 b6 27. Ne3 Nce7
28. Qc2 g6 29. Rc1 c6 30. Nc4 Nc8 31. Rfd1 Re7 32. Qb2 Rfe8 33. h3 Qe6 34. d5
cxd5 35. Rxd5 Nf6 36. Nxd6 Nxd5 37. Nxe8 Rxe8 38. exd5 Qxd5 39. b4 Nd6 40. Bxd6
Qxd6 41. bxa5 bxa5 42. Qc2 Qb4 1/2-1/2

[Event "13. Lichtenberger Sommer"]
[Site "?"]
[Date "2014.08.22"]
[Round "7.81"]
[White "Stiemerling, Andreas"]
[Black "Hommel, Niclas"]
[Result "1-0"]
[WhiteElo "1699"]
[BlackElo "1575"]
[PlyCount "79"]
[EventDate "2014.??.??"]
[WhiteTeam "SSV Rotation Berlin e.V."]
[BlackTeam "Schachunion Berlin e.V."]

1. c4 Nf6 2. d4 e6 3. g3 c5 4. Bg2 Nc6 5. d5 exd5 6. cxd5 Ne5 7. Nf3 Ng6 8. O-O
d6 9. Nc3 Be7 10. Qc2 O-O 11. b3 Bd7 12. h3 b5 13. e4 a5 14. Bb2 a4 15. bxa4 b4
16. Ne2 Bxa4 17. Qc4 Qb6 18. Rfe1 Bb5 19. Qc2 Qa6 20. Nc1 c4 21. Bd4 Ba4 22.
Qd2 Rfb8 23. Bf1 Bd8 24. Qe3 Qc8 25. Kh2 Ba5 26. Nd2 Bb5 27. f4 Ba6 28. Bg2 Bb7
29. Ba7 Qc7 30. Bxb8 Rxb8 31. Qd4 Ba6 32. Qe3 Bb6 33. Qf3 Bd4 34. Rb1 c3 35.
Ncb3 cxd2 36. Red1 Bc3 37. Nxd2 Qa7 38. a3 Qc5 39. axb4 Rxb4 40. Rbc1 1-0

[Event "13. Lichtenberger Sommer"]
[Site "?"]
[Date "2014.08.22"]
[Round "7.82"]
[White "Bauer, Stefan"]
[Black "Jacob, Karl"]
[Result "1/2-1/2"]
[WhiteElo "1614"]
[BlackElo "1697"]
[PlyCount "74"]
[EventDate "2014.??.??"]
[WhiteTeam "SC Kreuzberg e.V."]
[BlackTeam "Schachfreunde Hettstedt"]

1. Nf3 f5 2. d4 Nf6 3. Nbd2 e6 4. e3 d5 5. Be2 Bd6 6. Ne5 Nbd7 7. f4 c6 8. Ndf3
O-O 9. O-O Ne4 10. Qe1 Nxe5 11. dxe5 Be7 12. c3 g5 13. g3 g4 14. Nd2 Qe8 15.
Nxe4 dxe4 16. Rf2 Qg6 17. Rg2 Kf7 18. b4 h5 19. a4 Rh8 20. b5 Bd7 21. Ba3 Rhd8
22. Bxe7 Kxe7 23. c4 c5 24. Rd1 a6 25. Rd6 axb5 26. axb5 Ra2 27. Bf1 Rxg2+ 28.
Bxg2 Qe8 29. Qa5 Rb8 30. Qb6 Qc8 31. Rd1 Ra8 32. Qd6+ Ke8 33. Qd2 Ra3 34. h3
Rd3 35. Qe2 Rxd1+ 36. Qxd1 Qc7 37. Qa4 Bc8 1/2-1/2

[Event "13. Lichtenberger Sommer"]
[Site "?"]
[Date "2014.08.22"]
[Round "7.83"]
[White "Hintze, Emanuel"]
[Black "Theilig, Reinhard"]
[Result "1-0"]
[WhiteElo "1922"]
[BlackElo "1675"]
[PlyCount "101"]
[EventDate "2014.??.??"]
[WhiteTeam "SK Zehlendorf e.V."]
[BlackTeam "VfB Hermsdorf e.V."]

1. e4 d6 2. d4 Nf6 3. Nc3 g6 4. f4 Bg7 5. Nf3 O-O 6. Be3 c5 7. dxc5 Qa5 8. Qd2
dxc5 9. Rd1 Nc6 10. Nd5 Qxd2+ 11. Nxd2 Bg4 12. Be2 Bxe2 13. Nxf6+ exf6 14. Kxe2
b6 15. c3 Rfe8 16. Kf3 Rad8 17. Nc4 Bf8 18. a4 h5 19. g3 Kh7 20. h3 Kg8 21. g4
Rxd1 22. Rxd1 hxg4+ 23. hxg4 Rd8 24. Rxd8 Nxd8 25. e5 Kg7 26. Ke4 Ne6 27. Kd5
Nd8 28. Nd6 fxe5 29. fxe5 Bxd6 30. exd6 f6 31. d7 Kf7 32. Kd6 Ne6 33. Bf2 Nd8
34. Bg3 Ne6 35. Bh2 Nd8 36. Kc7 Ne6+ 37. Kc8 f5 38. gxf5 gxf5 39. d8=Q Nxd8 40.
Kxd8 Ke6 41. c4 a6 42. Kc7 f4 43. Bxf4 Kf5 44. Kxb6 Kxf4 45. Kxc5 Ke5 46. Kb6
Kd6 47. Kxa6 Kc7 48. b4 Kb8 49. b5 Ka8 50. b6 Kb8 51. b7 1-0

[Event "13. Lichtenberger Sommer"]
[Site "?"]
[Date "2014.08.22"]
[Round "7.84"]
[White "Peter, Volkhard"]
[Black "Abraham, Helmut"]
[Result "1-0"]
[WhiteElo "1815"]
[BlackElo "1553"]
[PlyCount "109"]
[EventDate "2014.??.??"]
[WhiteTeam "Schachclub Oranienburg e.V."]
[BlackTeam "SC Kreuzberg e.V."]

1. e4 c5 2. d4 cxd4 3. c3 dxc3 4. Nxc3 Nc6 5. Bc4 e6 6. Nf3 a6 7. O-O Nge7 8.
Bg5 f6 9. Bf4 Ng6 10. Bg3 b5 11. Bb3 Bc5 12. Qe2 O-O 13. Rac1 Bb6 14. Rfd1 Qe8
15. Bd6 Rf7 16. a3 Ra7 17. Bc2 Bc7 18. Bc5 Rb7 19. g3 Bb6 20. Bxb6 Rxb6 21. Qe3
Rb7 22. Ne2 Nce5 23. Qc3 Nxf3+ 24. Qxf3 Qf8 25. Qc3 d6 26. Bb3 Bd7 27. Nd4 Re7
28. Nf5 Ne5 29. Nxe7+ Qxe7 30. Qb4 Nf7 31. f4 Kf8 32. Qa5 Ra7 33. Qb6 Be8 34.
Rc8 d5 35. exd5 Nd6 36. Rd8 Nf7 37. d6 Qb7 38. Qxb7 Rxb7 39. Rc8 Rd7 40. Bxe6
Rxd6 41. Re1 Rd8 42. Rec1 Ke7 43. f5 Bd7 44. Rxd8 Nxd8 45. Bxd7 Kxd7 46. Kf2
Nc6 47. Ke3 Ne5 48. Rc2 Kd6 49. b3 a5 50. h3 Nd7 51. Kd4 Ne5 52. Rc8 Nc6+ 53.
Ke4 g6 54. g4 gxf5+ 55. gxf5 1-0

[Event "13. Lichtenberger Sommer"]
[Site "?"]
[Date "2014.08.22"]
[Round "7.85"]
[White "Tschirschwitz, Stephan"]
[Black "Krusemark, Gerhard"]
[Result "0-1"]
[WhiteElo "1604"]
[BlackElo "1755"]
[PlyCount "68"]
[EventDate "2014.??.??"]
[WhiteTeam "SG Lasker Steglitz-Wilmersdorf"]
[BlackTeam "TSG Rot-Weiß Fredersdorf/Vogelsd"]

1. d4 g6 2. c4 Bg7 3. Nc3 Nf6 4. e4 d6 5. Nf3 O-O 6. Be2 b6 7. O-O Bb7 8. e5
dxe5 9. Nxe5 Nc6 10. Bf3 Qe8 11. Be3 a6 12. Nxc6 Bxc6 13. Bxc6 Qxc6 14. Qe2 e6
15. f3 Rad8 16. Rfd1 Rd7 17. d5 exd5 18. Nxd5 Nxd5 19. cxd5 Qb7 20. Qc4 Bxb2
21. Rab1 Bg7 22. Bc5 Rfd8 23. d6 b5 24. Qf4 cxd6 25. Rxd6 Rxd6 26. Bxd6 Qd5 27.
Bc7 Re8 28. Bb6 Qxa2 29. Rd1 Qe2 30. Qd2 Qxd2 31. Rxd2 Ra8 32. Ra2 Bc3 33. Ra3
b4 34. Ra4 b3 0-1

[Event "13. Lichtenberger Sommer"]
[Site "?"]
[Date "2014.08.22"]
[Round "7.86"]
[White "Stein, Siegfried"]
[Black "Koerber, Bernhard"]
[Result "1-0"]
[WhiteElo "1819"]
[BlackElo "1640"]
[PlyCount "47"]
[EventDate "2014.??.??"]
[WhiteTeam "SV Berolina Mitte e.V."]
[BlackTeam "SG Lasker Steglitz-Wilmersdorf"]

1. e4 e6 2. d4 d5 3. e5 c5 4. c3 Nc6 5. Nf3 Qb6 6. Bd3 Bd7 7. O-O cxd4 8. Nxd4
Nxd4 9. cxd4 Qxd4 10. Nc3 a6 11. Re1 Ne7 12. Be3 Qxe5 13. Bc5 Qc7 14. Ba3 Bc6
15. Rc1 Qd7 16. Qg4 g6 17. h4 Bg7 18. h5 e5 19. Qb4 e4 20. Rcd1 Rc8 21. Bxe4
Rc7 22. Nxd5 Nxd5 23. Bxd5+ Kd8 24. Bxc6 1-0

[Event "13. Lichtenberger Sommer"]
[Site "?"]
[Date "2014.08.22"]
[Round "7.87"]
[White "Strowig, Justin"]
[Black "Pöcheim, Stephan"]
[Result "1-0"]
[WhiteElo "1855"]
[BlackElo "1530"]
[PlyCount "71"]
[EventDate "2014.??.??"]
[WhiteTeam "SV Mattnetz Berlin e.V."]
[BlackTeam "Sfrd. Berlin 1903 e.V."]

1. e4 g6 2. d4 Bg7 3. Nc3 c5 4. Be3 Nc6 5. Nf3 cxd4 6. Nxd4 a6 7. Qd2 d6 8. Be2
Bd7 9. O-O Rc8 10. f4 Nf6 11. f5 Ne5 12. fxg6 hxg6 13. Nf3 Rxc3 14. Qxc3 Nxe4
15. Qb3 Qc8 16. Nxe5 Bxe5 17. Qxf7+ Kd8 18. Bb6+ Qc7 19. Bxc7+ Kxc7 20. g3 Bd4+
21. Kh1 Nxg3+ 22. Kg2 Nxf1 23. Rxf1 Bh3+ 24. Kh1 Bxf1 25. Bxf1 Bf6 26. Qc4+ Kb6
27. Bg2 Rb8 28. b4 Rd8 29. Qd5 Rd7 30. Qa5+ Ka7 31. b5 d5 32. b6+ Kb8 33. Qc5
e6 34. Qf8+ Bd8 35. Bh3 Kc8 36. Bxe6 1-0

[Event "13. Lichtenberger Sommer"]
[Site "?"]
[Date "2014.08.22"]
[Round "7.88"]
[White "Kujawa, Werner"]
[Black "Lange, Cecilia"]
[Result "1/2-1/2"]
[WhiteElo "1814"]
[BlackElo "1553"]
[PlyCount "80"]
[EventDate "2014.??.??"]
[WhiteTeam "SV Motor Wildau e.V."]
[BlackTeam "TSG Oberschöneweide e.V."]

1. Nf3 d5 2. d4 e6 3. c4 Nf6 4. Nc3 c5 5. Bg5 cxd4 6. Nxd4 dxc4 7. e3 Be7 8.
Bxc4 O-O 9. O-O Qc7 10. Bb3 Nc6 11. Nxc6 Qxc6 12. Rc1 Qd7 13. Qe2 b6 14. Rfd1
Qe8 15. Bxf6 Bxf6 16. Ne4 Qe7 17. Nxf6+ Qxf6 18. Rc7 e5 19. Bd5 Rb8 20. Rxa7
Be6 21. Bxe6 Qxe6 22. Rdd7 Ra8 23. Re7 Qf5 24. e4 Qf6 25. g3 Rxa7 26. Rxa7 Qc6
27. a4 g6 28. h4 Ra8 29. Rxa8+ Qxa8 30. Qc4 Qa5 31. Kf1 Kf8 32. Ke2 Ke7 33.
Qc7+ Ke6 34. Qc6+ Ke7 35. Qc7+ Ke6 36. b3 Qb4 37. Qc4+ Qxc4+ 38. bxc4 Kd6 39.
Kd3 Kc5 40. Kc3 f5 1/2-1/2

[Event "13. Lichtenberger Sommer"]
[Site "?"]
[Date "2014.08.22"]
[Round "7.89"]
[White "Krawatzki, Armin"]
[Black "Petersen, Moritz"]
[Result "0-1"]
[WhiteElo "1689"]
[BlackElo "1711"]
[PlyCount "83"]
[EventDate "2014.??.??"]
[WhiteTeam "SVG Läufer Reinickendorf e.V."]
[BlackTeam "SV Glück auf Rüdersdorf e.V."]

1. Nf3 Nf6 2. d4 d5 3. Bf4 Bf5 4. e3 e6 5. Be2 Be7 6. O-O c5 7. Nh4 Bg6 8. c3
Qb6 9. Qb3 Nbd7 10. Nd2 Bh5 11. Nhf3 O-O 12. Rfe1 h6 13. Qxb6 Nxb6 14. a4 Rfc8
15. a5 Nbd7 16. Bf1 cxd4 17. exd4 Bg6 18. h3 Ne4 19. Nxe4 Bxe4 20. Nd2 Bf5 21.
Nf3 Bc2 22. Ne5 Nxe5 23. Bxe5 Bb3 24. g4 Bc4 25. a6 b5 26. Bxc4 Rxc4 27. Bf4 b4
28. Bd2 bxc3 29. bxc3 Bd8 30. Reb1 Bb6 31. Kf1 Kh7 32. Ke2 Kg6 33. Kd3 Rac8 34.
f4 h5 35. Ra2 hxg4 36. hxg4 Rh8 37. Be3 Rc6 38. g5 Kf5 39. Rc1 Bc7 40. Rb1 Bb6
41. Rc1 Rh3 42. c4 0-1

[Event "13. Lichtenberger Sommer"]
[Site "?"]
[Date "2014.08.22"]
[Round "7.90"]
[White "Glase, Johan"]
[Black "Bailliere, Arne"]
[Result "1-0"]
[WhiteElo "1689"]
[BlackElo "1673"]
[PlyCount "37"]
[EventDate "2014.??.??"]
[WhiteTeam "Schachunion Berlin e.V."]
[BlackTeam "Sfrd. Berlin 1903 e.V."]

1. d4 d5 2. e3 e6 3. Bd3 Nf6 4. Nf3 Be7 5. Nbd2 c5 6. c3 Nc6 7. O-O Qc7 8. Re1
O-O 9. h3 e5 10. dxe5 Nxe5 11. Bb1 b6 12. e4 Nxf3+ 13. Qxf3 dxe4 14. Nxe4 Bb7
15. Nxf6+ gxf6 16. Qg4+ Kh8 17. Qh5 f5 18. Bxf5 Kg7 19. Qh6+ 1-0

[Event "13. Lichtenberger Sommer"]
[Site "?"]
[Date "2014.08.22"]
[Round "7.91"]
[White "Becker, Uwe"]
[Black "Kohlmeyer, Dagobert"]
[Result "0-1"]
[WhiteElo "1743"]
[BlackElo "1888"]
[PlyCount "124"]
[EventDate "2014.??.??"]
[WhiteTeam "SV Glück auf Rüdersdorf e.V."]
[BlackTeam "SC Rochade e.V."]

1. f4 d5 2. Nf3 Nf6 3. d3 Nc6 4. c3 Bg4 5. e3 Bxf3 6. Qxf3 e5 7. e4 dxe4 8.
dxe4 Bd6 9. f5 a6 10. Be3 Qe7 11. Nd2 O-O 12. Be2 Bc5 13. O-O Rad8 14. Rad1 Rd7
15. Nb3 Bxe3+ 16. Qxe3 b6 17. h3 h6 18. Rxd7 Nxd7 19. Rd1 b5 20. Rd5 Rd8 21.
Nc5 Nxc5 22. Qxc5 Qxc5+ 23. Rxc5 Rd6 24. Kf2 Kf8 25. a4 bxa4 26. Bxa6 Nb8 27.
Bb5 Rd2+ 28. Kf3 Rxb2 29. Bxa4 Ra2 30. Bb3 Ra3 31. Bd5 Ra7 32. g4 Ke7 33. h4 c6
34. Bb3 Kd6 35. Rc4 Rb7 36. Bd1 Rb1 37. Be2 c5 38. Ra4 Rb3 39. Kf2 Rxc3 40. Ra8
Nd7 41. g5 hxg5 42. hxg5 Rh3 43. Ra6+ Kc7 44. Ra7+ Kc6 45. f6 gxf6 46. Bg4 Rd3
47. gxf6 Rd6 48. Ke3 Nxf6 49. Bf5 Nd7 50. Ra6+ Nb6 51. Bg4 Kb5 52. Be2+ c4 53.
Ra7 f6 54. Ra1 Kb4 55. Rb1+ Ka3 56. Rb5 Ka4 57. Rb1 c3 58. Bd3 Ka3 59. Rb5 Na4
60. Bc4 Nb2 61. Rb3+ Ka4 62. Bf7 c2 0-1

[Event "13. Lichtenberger Sommer"]
[Site "?"]
[Date "2014.08.22"]
[Round "7.92"]
[White "Prix, Siegfried"]
[Black "Wilke, Hans-Peter"]
[Result "1-0"]
[WhiteElo "1777"]
[BlackElo "1474"]
[PlyCount "142"]
[EventDate "2014.??.??"]
[WhiteTeam "Sfrd. Berlin 1903 e.V."]
[BlackTeam "SVG Läufer Reinickendorf e.V."]

1. e4 c5 2. c4 Nc6 3. Nf3 d6 4. d4 cxd4 5. Nxd4 Nf6 6. Nc3 g6 7. Be2 Bg7 8. Be3
O-O 9. O-O Nxd4 10. Bxd4 Ne8 11. Rc1 a6 12. Nd5 Bxd4 13. Qxd4 Nc7 14. Nb6 Rb8
15. Rfd1 Ne6 16. Qe3 Nc5 17. Nd5 e6 18. Nc3 Qc7 19. b4 Nd7 20. Qd4 b6 21. Qxd6
Qa7 22. e5 Rb7 23. Ne4 Rc7 24. Bf3 Kg7 25. Qd4 Bb7 26. Nd6 Bxf3 27. gxf3 Qb8
28. Rd2 Qd8 29. Qf4 Qe7 30. Re2 h5 31. Qg3 Nb8 32. a3 Nc6 33. Rd1 h4 34. Qg4
Rd7 35. f4 Rh8 36. Red2 Rc7 37. Rd3 Rh5 38. Kh1 Rh8 39. Rg1 Rd8 40. Rh3 Rh8 41.
Qe2 Nd4 42. Qd3 Nf5 43. Nxf5+ exf5 44. Qc3 Qe6 45. Rc1 Rh5 46. Rd3 Qc6+ 47. f3
Rh8 48. Rd6 Qb7 49. Kg2 Kh6 50. Qd4 Rb8 51. Qf2 Kh5 52. Kh3 Kh6 53. Qxh4+ Kg7
54. Qf6+ Kh6 55. Kg3 Kh7 56. h4 Rd7 57. Rcd1 Rxd6 58. exd6 Qd7 59. Qe7 Qxe7 60.
dxe7 Re8 61. Rd7 Kg7 62. Rb7 Kf6 63. Rxb6+ Kxe7 64. Rxa6 Rb8 65. Ra7+ Ke8 66.
c5 Rb5 67. c6 Rd5 68. c7 Kd7 69. a4 Kc8 70. b5 Rd1 71. b6 Rb1 1-0

[Event "13. Lichtenberger Sommer"]
[Site "?"]
[Date "2014.08.22"]
[Round "7.93"]
[White "Bui, Bao Anh Le"]
[Black "Schönemann, Manfred"]
[Result "1-0"]
[WhiteElo "1576"]
[BlackElo "1781"]
[PlyCount "73"]
[EventDate "2014.??.??"]
[WhiteTeam "SV Mattnetz Berlin e.V."]
[BlackTeam "SV Turbine Berlin e.V."]

1. e4 c5 2. Nf3 d6 3. d4 cxd4 4. Nxd4 Nf6 5. Nc3 g6 6. Be3 Bg7 7. f3 O-O 8. Qd2
Nc6 9. O-O-O Bd7 10. Bc4 Rc8 11. Bb3 Ne5 12. Qe2 a5 13. Kb1 Qe8 14. Ndb5 a4 15.
Bxa4 Nc4 16. Bd4 Nh5 17. g3 Bxd4 18. Rxd4 Nb6 19. Bb3 Ng7 20. Rhd1 Ne6 21. Bxe6
fxe6 22. f4 Rc5 23. Rb4 Qa8 24. Nxd6 Qa5 25. Nxb7 Qxb4 26. a3 Qc4 27. Nxc5 Qxc5
28. Qd2 Rb8 29. Qd4 Qc6 30. Na2 Rb7 31. Nb4 Qb5 32. Qd3 Kf7 33. Qxb5 Bxb5 34.
c3 Be2 35. Rd2 Bf3 36. Nc6 Rc7 37. Ne5+ 1-0

[Event "13. Lichtenberger Sommer"]
[Site "?"]
[Date "2014.08.22"]
[Round "7.94"]
[White "König, Dennis"]
[Black "Rau, Joshua"]
[Result "1/2-1/2"]
[WhiteElo "1620"]
[BlackElo "1624"]
[PlyCount "74"]
[EventDate "2014.??.??"]
[WhiteTeam "SV Königsjäger Süd-West e.V."]
[BlackTeam "Schachunion Berlin e.V."]

1. d4 d5 2. Nf3 Nf6 3. Bf4 e6 4. e3 Nbd7 5. Bd3 Be7 6. Nbd2 O-O 7. O-O c5 8. c3
Re8 9. Ne5 Nxe5 10. Bxe5 Nd7 11. Bg3 Qb6 12. Qb1 h6 13. Nf3 cxd4 14. cxd4 Bd6
15. Rc1 Bxg3 16. hxg3 e5 17. dxe5 Nxe5 18. Nxe5 Rxe5 19. Qc2 Re8 20. b3 Bd7 21.
Qd2 Bc6 22. Rd1 Rad8 23. Qc3 Kh8 24. Bf1 Re4 25. Rd2 d4 26. exd4 Rexd4 27. Rad1
Rxd2 28. Rxd2 Rxd2 29. Qxd2 Qc5 30. Bc4 Qe7 31. Kf1 Qe4 32. Qd8+ Qe8 33. Qd4 a6
34. Qf4 f6 35. Qd6 Bb5 36. Qd3 Bc6 37. Qd4 Qe5 1/2-1/2

[Event "13. Lichtenberger Sommer"]
[Site "?"]
[Date "2014.08.22"]
[Round "7.95"]
[White "Kaufmann, Mathias"]
[Black "Mildenberger, Hans"]
[Result "0-1"]
[WhiteElo "1559"]
[BlackElo "1632"]
[PlyCount "34"]
[EventDate "2014.??.??"]
[BlackTeam "BVG-Helmholz"]

1. c4 Nf6 2. d4 e6 3. Nf3 g6 4. Nc3 Bg7 5. e4 d6 6. Be3 O-O 7. Be2 Nbd7 8. O-O
c5 9. Rc1 cxd4 10. Nxd4 a6 11. f3 Nb6 12. Qb3 Nfd7 13. Na4 Nxa4 14. Qxa4 Qb6
15. Qd1 Qxb2 16. Rc2 Qa3 17. Bc1 Qc5 0-1

[Event "13. Lichtenberger Sommer"]
[Site "?"]
[Date "2014.08.22"]
[Round "7.96"]
[White "Bollenbach, Horst"]
[Black "Gnaß, Erhard"]
[Result "1-0"]
[WhiteElo "1752"]
[BlackElo "1539"]
[PlyCount "48"]
[EventDate "2014.??.??"]
[WhiteTeam "SC Friesen Lichtenberg e.V."]
[BlackTeam "SK Zehlendorf e.V."]

1. e4 e5 2. Nf3 d6 3. Bc4 Be7 4. h3 Nf6 5. Nc3 O-O 6. O-O Nc6 7. d3 Na5 8. Bb3
Nxb3 9. axb3 Re8 10. Nh2 c6 11. Be3 c5 12. f4 exf4 13. Bxf4 Bf8 14. Bg5 h6 15.
Bxf6 gxf6 16. Nd5 Bg7 17. Ng4 Bxg4 18. Qxg4 Kh8 19. Rf5 Re5 20. Raf1 Rxf5 21.
Rxf5 Qd7 22. Qh4 Bf8 23. Rh5 f5 24. Rxh6+ Kg8 1-0